000 00957nam a2200277 a 4500
001 000032965
003 DO-SdBNP
005 20250625140041.0
007 ta
008 100203s1974 dr 000 0 spa d
020 _a8493052949
040 _aDO-SdBNP
_bspa
_cBNPHU
049 _aBNPD
082 4 _a972.93
_bG216c
_222
100 1 _aGarcía, José Gabriel,
_d1834 -1910
_926153
245 1 0 _aCoincidencias históricas y nuevas coincidencias históricas /
_cJosé gabriel García ; prólogo José Chez Checo.
250 _a2a ed.
260 _aSanto Domingo :
_bSecretaría de Estado de Educación,
_c1974.
300 _a46, 22 p. ;
_c21 cm.
490 0 _aPublicaciones de la Secretaría de Estado de Educación
590 _aInventariado, 2022/BT
651 4 _aRepública Dominicana
_xHistoria
_9170
700 1 _aChez Checo, José,
_d1949-
_910145
830 0 _aPublicaciones de la Secretaría de Estado de Educación
_958704
942 _2ddc
_cLBS1
999 _c32456
_d32456